000 00183nam a2200085Ia 4500
100 _aMehta/V.G.
942 _cBK
245 _aIncome tax ready reckoner
260 _bShree Kuber Publishing
999 _c26190
_d26190